Can You Name Every Premier League Team? (Sudden Death) - Statistiques

Statistiques générales
  • Ce quiz a été pris 29 fois
  • Le résultat moyen est 19 sur 20
Answers on the Grid
Answers color-coded by a green-red scale on the quiz's grid according to % correct below.
Arsenal
Manchester City
Real Madrid
Liverpool
Bayern Munich
Aston Villa
Tottenham Hotspur
Chelsea
FC Barcelona
Paris Saint-Germain
Newcastle United
Manchester United
Juventus
Crystal Palace
Bournemouth
Brighton & Hove Albion
Inter Milan
AC Milan
West Ham United
Fulham
Atletico Madrid
Ipswich Town
Bayer Leverkusen
Wolverhampton Wanderers
Everton
Southampton
Brentford
Leicester City
Borussia Dortmund
Nottingham Forest
 
Statistiques - réponses
Réponse % Correct
Arsenal
100%
Manchester City
100%
Aston Villa
95%
Bournemouth
95%
Brentford
95%
Brighton & Hove Albion
95%
Chelsea
95%
Crystal Palace
95%
Everton
95%
Fulham
95%
Liverpool
95%
Manchester United
95%
Newcastle United
95%
Nottingham Forest
95%
Tottenham Hotspur
95%
West Ham United
95%
Wolverhampton Wanderers
95%
Ipswich Town
91%
Leicester City
91%
Southampton
91%
Aucun quiz correspondant
Distribution des résultats
% des personnes avec chaque résultat
Percentile par nombre de réponses
Votre historique - résultats
Vous n’avez pas pris ce quiz